| 000 | 00864nam a2200241 a 4500 | ||
|---|---|---|---|
| 001 | BRL_1500 | ||
| 005 | 20190320211233.0 | ||
| 008 | 300114s1979----mx-ao#####---#000-0#spa-# | ||
| 041 | _aspaeng | ||
| 044 | _amx | ||
| 050 | 4 |
_aF1219.3.M4 _b.M37 1979 |
|
| 245 | 1 | 0 | _aMáscaras mexicanas = Mexican Masks. |
| 260 |
_aMéxico _bFonapas _c1979 |
||
| 300 |
_a79 p. _bil. (algunas a color) _c27 cm. |
||
| 500 | _aej.1 Au1744, ej.2 Au1745 | ||
| 500 | _aLa biblioteca cuenta con 2 ejemplares | ||
| 500 | _aTexto en: español e inglés | ||
| 500 | _aCatálogo de la exposición realizada por el Fondo Nacional para Actividades Sociales, Secretaría de Relaciones Exteriores, Museo de Arte Folclorico de Corea, Palacio Kyong Bok Corea, febrero 1979 | ||
| 650 | 1 | 4 |
_aMáscaras _vCatálogos _zMéxico _927111 |
| 740 | 0 | _aMexican Masks | |
| 902 | _aGRL | ||
| 942 |
_2lcc _cB |
||
| 999 |
_c10310 _d10310 |
||